Marketing na sociálních sítích : Prosaďte se na Facebooku a Twitteru

Saved in:
Bibliographic Details
Main Author: Bednář, Vojtěch (Author)
Format: Book
Language:Czech
Published: Brno : Computer Press, 2011
Edition:1.vyd.
Tags: Add Tag
No Tags, Be the first to tag this record!

MARC

LEADER 00000nam a22000003a 4500
001 stu240990
005 20150617230209.0
008 111221s2011----xr------------------cze-d
020 |a 978-80-251-3320-0 
040 |a STU  |b slo 
041 0 |a cze 
044 |a xr 
080 |a 658.8 
100 1 |a Bednář, Vojtěch  |4 aut 
245 1 |a Marketing na sociálních sítích :  |b Prosaďte se na Facebooku a Twitteru 
250 |a 1.vyd. 
260 |a Brno :  |b Computer Press,  |c 2011 
300 |a 197 s 
996 |b 284V031651  |c V*51260/O-22898  |l VVT  |s A  |a 24  |w stu240990_0001